Numerical Solution of Partial Differential Equations by the Finite Element Method

Gespeichert in:
Bibliographische Detailangaben
1. Verfasser: Johnson, Claes (Verfasst von)
Format: Buch
Sprache:Englisch
Veröffentlicht: Mineola, New York : Dover Publications, 2009
Ausgabe:1. vyd.
Schlagworte:
Tags: Tag hinzufügen
Keine Tags, Fügen Sie das erste Tag hinzu!

MARC

LEADER 00000nam a22000003a 4500
001 stu268413
005 20150617230249.3
008 130613s2009------------------------eng-d
020 |a 978-0-486-46900-3 
040 |a STU  |b slo 
041 0 |a eng 
080 |a 519.95 
080 |a 519.63 
100 1 |a Johnson, Claes  |4 aut 
245 1 |a Numerical Solution of Partial Differential Equations by the Finite Element Method 
250 |a 1. vyd. 
260 |a Mineola, New York :  |b Dover Publications,  |c 2009 
300 |a 278 s 
500 |a Centrum VTI SR 
650 7 |a matematika  |2 stusub 
650 7 |a MKP - metóda konečných prvkov  |2 stusub 
996 |b 284J041147  |c J*115919  |l J  |s P  |a 0  |w stu268413_0001